000 00368 a2200157 4500
001 149670
040 _cEscola São Tomás de Aquino
100 _aBELINKY, Tatiana
240 1 0 _aO cocheiro erudito
_lpor
245 1 0 _aO cocheiro erudito
300 _a23
362 0 _a2001
440 1 _aFTD
697 _aContos de Fadas e Clássicos da Literatura
942 _cBK
999 _c149670
_d149670